000
00382nam a2200145Ia 4500
008
230718s9999 xx 000 0 und d
041
_a
Eng.
082
_a
89/43
_b
الر-غ
100
_a
الرحمن ڈائری معین
245
0
_a
غالب کا علمی سرمایہ
260
_a
Pakistan
_b
خزینہ علم وادب
_c
2008
300
_a
253
650
_a
Law
999
_c
28864
_d
28864